Comprometidos con Cristo 1: libro del joven
Uloženo v:
| Hlavní autoři: | , |
|---|---|
| Médium: | Kniha |
| Jazyk: | španělština |
| Vydáno: |
Santiago
Arzobispado de Santiago
1983
|
| Témata: | |
| Tagy: |
Přidat tag
Žádné tagy, Buďte první, kdo vytvoří štítek k tomuto záznamu!
|
MARC
| LEADER | 00000nam a2200000 a 4500 | ||
|---|---|---|---|
| 001 | UCL3770 | ||
| 003 | CL-VaPUC | ||
| 008 | 031212e19830000CL |||||||||||||||||spa|d | ||
| 082 | 0 | 4 | |a 265.2 |b ROD |2 21 |
| 100 | 0 | |a Rodríguez B., Gabriel |e author |9 481170 | |
| 700 | 0 | |a Cáceres C., Eduardo |e author |9 481171 | |
| 245 | 1 | 0 | |a Comprometidos con Cristo 1: libro del joven |
| 300 | |a 108 p | ||
| 942 | |c BK | ||
| 945 | |d 20031212 00:00:00 |a vberengu | ||
| 260 | |a Santiago |b Arzobispado de Santiago |c 1983 | ||
| 650 | 0 | |a Confirmación |9 255060 | |
| 650 | 0 | |a Catequesis |9 314526 | |
| 650 | 0 | |a Sacramentos |9 257270 | |
| 650 | 0 | |a Libros de texto |9 270019 | |
| 583 | |a last modification |c 20031212 00:00:00 |k Rodrigo Vera | ||
| 999 | |c 306777 |d 306775 | ||
| 952 | |0 0 |1 0 |4 0 |6 265_200000000000000_ROD_1983 |7 0 |8 A |9 372057 |a BIBTEO |b BIBTEO |d 2019-11-21 |i 2097338 |o 265.2 ROD 1983 |p 2097338 |r 2019-11-21 |w 2019-11-21 |y BK |k ICR | ||